000 01619cam a2200133 4500500
005 20260405085605.0
041 _afre
042 _adc
100 1 0 _aSubra, Philippe
_eauthor
245 0 0 _aGéopolitique locale : Territoires, acteurs, conflits
260 _bArmand Colin,
_c2016.
520 _aAéroport de Notre-Dame-des-Landes, barrage de Sivens, dossier du Grand Paris, redécoupage des régions, rivalités électorales… jamais les questions d’aménagement et de gouvernance du territoire n’ont suscité autant de débats, de controverses, de mobilisations. Sous leur aspect technique, ces conflits sont d’ordre politique, ou plus exactement géopolitique, car ce qui s’y joue à chaque fois, c’est l’usage et le contrôle d’un territoire que se disputent des acteurs aux intérêts contradictoires.Cet ouvrage montre comment l’approche géopolitique permet de mieux comprendre ces réalités. Après un rappel des concepts et des raisonnements de la démarche géopolitique, il analyse les grands conflits autour des projets et politiques d’aménagement du territoire, tire le bilan des pratiques de concertation, analyse les questions de gouvernance et d’organisation territoriale ainsi que les stratégies de conquête électorale.Assorti de plus de 50 cartes et schémas explicatifs et de 8 études de cas, il constitue un outil sans équivalent de compréhension et d’analyse d’un certain nombre d’évolutions auxquelles est confrontée la société française.
856 4 1 _uhttps://shs.cairn.info/geopolitique-locale--9782200275396?lang=fr&redirect-ssocas=7080
999 _c2198772
_d2198772